Achieving best value (Record no. 110047)

MARC details
000 -LEADER
fixed length control field 01125cad a22002175a 4500
001 - CONTROL NUMBER
control field E148426
008 - FIXED-LENGTH DATA ELEMENTS--GENERAL INFORMATION
fixed length control field 090916s2009 xxk f 000 0 eng d
035 ## - SYSTEM CONTROL NUMBER
System control number (Sirsi) u148426
041 0# - LANGUAGE CODE
Language code of text/sound track or separate title eng
050 04 - LIBRARY OF CONGRESS CALL NUMBER
Classification number 352.5 $2 18
110 2# - MAIN ENTRY--CORPORATE NAME
Corporate name or jurisdiction name as entry element Council of Mortgage Lenders
9 (RLIN) 5903
245 00 - TITLE STATEMENT
Title Achieving best value
Remainder of title good practice for lenders in working with asset managers in England, Wales and Northern Ireland
Medium [electronic resource]
260 ## - PUBLICATION, DISTRIBUTION, ETC.
Place of publication, distribution, etc. [S.l.]
Name of publisher, distributor, etc. CML
Date of publication, distribution, etc. 2009
520 ## - SUMMARY, ETC.
Summary, etc. Guidance aimed at encouraging good working practices between lenders and asset managers. To be read in conjunction with chapter 13 of the Financial Services Authority's (FSA) Mortgage Conduct of Business Rules (MCOB 13), the FSA's Treating Customers Fairly principles and the CML's guidance on arrears and possessions.
521 ## - TARGET AUDIENCE NOTE
Target audience note Advanced
590 ## - LOCAL NOTE (RLIN)
Local note KA
651 #4 - SUBJECT ADDED ENTRY--GEOGRAPHIC NAME
Geographic name England and Wales
Chronological subdivision 1543-
690 ## - LOCAL SUBJECT ADDED ENTRY--TOPICAL TERM (OCLC, RLIN)
Topical term or geographic name as entry element PROPERTY-ACQUISITION AND DISPOSAL OF PROPERTY
856 40 - ELECTRONIC LOCATION AND ACCESS
Uniform Resource Identifier <a href="https://www.rics.org/Global/Downloads/Finalguidance-goodpracticeforworkingwithassetmanagers-28May091.pdf">https://www.rics.org/Global/Downloads/Finalguidance-goodpracticeforworkingwithassetmanagers-28May091.pdf</a>
Public note View the guidance free of charge at www.rics.org...
942 ## - ADDED ENTRY ELEMENTS (KOHA)
Suppress in OPAC 0
Holdings
Withdrawn status Lost status Source of classification or shelving scheme Damaged status Not for loan Home library Current library Shelving location Date acquired Total Checkouts Full call number Barcode Date last seen Copy number Price effective from Koha item type
    Dewey Decimal Classification     Virtual Virtual Online 17/09/2009   ONLINE PUBLICATION 148426-2001 06/08/2019 1 06/08/2019 Book